| 000 | 00468cam a2200193 4500 | ||
|---|---|---|---|
| 001 | D5548 | ||
| 008 | 090401t1977 xxu||||| |||| 00| 0 eng d | ||
| 035 | _a(Sirsi) u97415 | ||
| 041 | _aeng | ||
| 050 | _a692.5 | ||
| 100 | _aHewett, K. | ||
| 245 | _aEstimating for joinery: site fixing | ||
| 260 |
_aAscot _bInstitute of Building _c1977 |
||
| 300 | _a4p. 30cm | ||
| 350 | _a0 | ||
| 490 |
_aEstimating Information Service _v26 |
||
| 942 | _n0 | ||
| 948 | _c04/03/1997 | ||
| 999 |
_c98883 _d98883 |
||